000 00901cam a22002411i 4500
003 SA-RiAUC
005 20260217122826.0
008 260216s2008 su g 000 0 ara c
040 _aSA-JeALM
_bara
_cSA-RiAUC
_erda
082 0 4 _a243
090 _a243
_bع م ر
100 1 _aالعمري، علي بن حمزة
_eمؤلف.
245 1 2 _aالصحة الإيمانية وأثرها على حياة المؤمنين /
_cعلي بن حمزة العمري.
250 _aالطبعة الأولى.
264 1 _aجدة، السعودية :
_bمؤسسة طريق الأمة،
_bمعهد مكة المكرمة.
_c2008
300 _a46 صفحة ؛
_c16 سم
336 _aنص
_btxt
_2rdacontent
_3كتاب
337 _aبدون وسيط
_bn
_2rdamedia
650 7 _aالإيمان
_2aucsh
650 7 _aعلم الكلام
_2aucsh
942 _2ddc
_cBOOK
_n0
949 _aSA-JeALM
_d260216
_uosman123
_n1
999 _c14352
_d14352